000 00506nam a22001457a 4500
082 _a670
100 _aIhsan, Abbas
245 _aDesign and Development of Biodiesel Processing Plant and Linear Optimization of Screw Press /
_cAbbas Ihsan
260 _aIslamabad :
_bSMME - NUST,
_c2012.
300 _a71 p. ;
_c30cm.
650 _aIndustrial & Manufacturing Engineering-MS-Thesis
_916120
700 _aDr. Riaz Ahmad
_920988
942 _2ddc
_cTHE
999 _c541149
_d541149